|
|
|
|
| LEADER |
00863cam a2200253 4500 |
| 001 |
c000299450 |
| 003 |
CARM |
| 005 |
20090603183605.0 |
| 008 |
710722s1971 nyu 00100 eng |
| 019 |
1 |
|
|a 470893
|z 23900843
|5 LACONCORD2021
|
| 020 |
|
|
|a 0448024365
|
| 035 |
|
|
|a (OCoLC)151651
|5 LACONCORD2021
|
| 050 |
0 |
0 |
|a TX830
|b .H6
|
| 100 |
1 |
|
|a Hodgson, Moira.
|
| 245 |
1 |
4 |
|a The quick and easy raw food cookbook.
|
| 260 |
|
|
|a New York,
|b Grosset & Dunlap
|c [1971]
|
| 300 |
|
|
|a 122 p.
|c 22 cm.
|
| 650 |
|
0 |
|a Cooking (Cold dishes)
|
| 650 |
|
0 |
|a Cooking, International.
|
| 650 |
|
0 |
|a Quick and easy cooking.
|
| 852 |
8 |
|
|b CARM
|h A3:AD15B0
|i B11296
|p 0542080
|f BK
|
| 082 |
0 |
4 |
|a 641.7/9
|
| 999 |
f |
f |
|i b0c46a81-6a0d-58ad-9380-3002b9b442fa
|s 8f1a0ebf-5dc6-5cc6-a52b-3332f78a4af2
|
| 952 |
f |
f |
|p Can circulate
|a CAVAL
|b CAVAL
|c CAVAL
|d CARM 1 Store
|e B11296
|f A3:AD15B0
|h Other scheme
|i book
|m 0542080
|